Análisis de las principales teorías contables y la prospectiva de los contadores públicos / (Registro nro. 5900)

Detalles MARC
000 -LEADER
fixed length control field 02762nam a2200301 i 4500
005 - DATE AND TIME OF LATEST TRANSACTION
control field 20250329165508.0
007 - PHYSICAL DESCRIPTION FIXED FIELD--GENERAL INFORMATION
fixed length control field ta
008 - FIXED-LENGTH DATA ELEMENTS--GENERAL INFORMATION
fixed length control field 200622s2022 000 0 eng d
040 ## - CATALOGING SOURCE
Original cataloging agency CO-CtgCURN
Language of cataloging spa
Transcribing agency coctgcurn
Description conventions rda
082 0# - DEWEY DECIMAL CLASSIFICATION NUMBER
Classification number TCS 2022
Item number N725
100 1# - MAIN ENTRY--PERSONAL NAME
Personal name Nisperuza Díaz, Milagro del Carmen,
Relator term author.
Relationship aut
245 10 - TITLE STATEMENT
Title Análisis de las principales teorías contables y la prospectiva de los contadores públicos /
Statement of responsibility, etc. Milagro Del Carmen Nisperuza Diaz; Maria Fernanda Gonzales Aguilera; Juan Sebastian Arrieta de Arco; asesor: Alain Fitzgerard Castro Alfaro.
260 ## - PUBLICATION, DISTRIBUTION, ETC.
Place of publication, distribution, etc. Cartagena de Indias :
Name of publisher, distributor, etc. Corporación Universitaria Rafael Núñez,
Date of publication, distribution, etc. 2022.
260 #4 - PUBLICATION, DISTRIBUTION, ETC.
Date of publication, distribution, etc. ©2022.
300 ## - PHYSICAL DESCRIPTION
Extent 26 hojas.
336 ## - CONTENT TYPE
Content type term text
Content type code txt
Source rdacontent
337 ## - MEDIA TYPE
Media type term unmediated
Media type code n
Source rdamedia
338 ## - CARRIER TYPE
Carrier type term volume
Carrier type code nc
Source rdacarrier
502 ## - DISSERTATION NOTE
Dissertation note Trabajo de grado (Tecnologo en contabilidad sistematizada). Corporación Universitaria Rafael Núñez. Facultad de Ciencias Administrativas y Contables. Programa de Tecnología en Contabilidad Sistematizada, 2022.
520 8# - SUMMARY, ETC.
Summary, etc. "La investigación de la contabilidad es fundamental, pues con esta se busca propiciar la práctica empírica a través de las reflexiones provenientes del objeto de estudio, de la naturaleza misma de la contabilidad y del método, así como mediante el fundamento teórico se construye conocimiento empírico que luego estar arraigado a la toma de decisiones en la práctica del ejercicio profesional, de ahí la importancia del estudio de la contabilidad desde las perspectivas teóricas, histórica y de pensamiento. Es por esto que la siguiente investigación tiene como objetivo principal, analizar las principales teorías contables desde sus inicios y la prospectiva de los contadores públicos. Para lograr esto se utilizó el método científico de la observación, es decir, se partió de un análisis profundo sobre la información recolectada, valorando la información a través del grupo de discusión de la investigación, así mismo se le dio un carácter descriptivo a la investigación ya que esta procuro identificar cuáles han sido las teorías contables más relevantes del pensamiento contable, que han surgido a lo largo de la historia contable."
650 #0 - SUBJECT ADDED ENTRY--TOPICAL TERM
Topical term or geographic name entry element Contabilidad sistematizada
General subdivision Tesis y disertaciones académicas.
700 1# - ADDED ENTRY--PERSONAL NAME
Personal name Gonzales Aguilera, Maria Fernanda.
700 1# - ADDED ENTRY--PERSONAL NAME
Personal name Arrieta de Arco, Juan Sebastian.
700 1# - ADDED ENTRY--PERSONAL NAME
Personal name Castro Alfaro, Alain Fitzgerard,
Relator term tutor.
856 7# - ELECTRONIC LOCATION AND ACCESS
Uniform Resource Identifier <a href="https://unicurn.sharepoint.com/:b:/s/biblioteca/ETmn0ajz3KRIs7om1HeWzwQBlgax79iDUVmC5RIPe0BgHA?e=ymrHHK">https://unicurn.sharepoint.com/:b:/s/biblioteca/ETmn0ajz3KRIs7om1HeWzwQBlgax79iDUVmC5RIPe0BgHA?e=ymrHHK</a>
Public note Click aqui para ver el recurso en texto completo
942 ## - ADDED ENTRY ELEMENTS (KOHA)
Koha item type Trabajos de grado
Classification part TCS 2022
Item part N725
Institution code [OBSOLETE] MHC
-- MHC
Source of classification or shelving scheme Dewey Decimal Classification
Existencias
Withdrawn status Lost status Source of classification or shelving scheme Damaged status Not for loan Collection Home library Current library Shelving location Date acquired Total checkouts Full call number Barcode Date last seen Price effective from Koha item type
    Dewey Decimal Classification     Trabajos de grado Miguel Henríquez Castañeda Miguel Henríquez Castañeda Trabajo de grado 03/29/2025   TCS 2022 N725 024696 03/29/2025 03/29/2025 Trabajos de grado